000 00842cam a22002651 4500
001 29488
003 BD-RjUL
005 20211209051423.0
008 140403s1967 nju b 000 0 eng
035 _a(BD-RjUL)29573
040 _aDLC
_cDLC
_dDLC
_dBD-RjUL
_beng
041 _aeng
082 0 0 _a371.9
_bTEE 1967
100 1 _aTelford, Charles W.
_989891
245 1 4 _aThe exceptional individual: psychological and educational aspects /
_cby Charles W. Telford and James M. Sawrey.
260 _aEnglewood Cliffs, N.J. :
_bPrentice-Hall,
_cc1967.
300 _ax, 482 p. ;
_c24 cm.
490 0 _aPrentice-Hall psychology series
504 _aIncludes bibliographies.
650 0 _aSpecial education.
_989892
700 1 _aSawrey, James M.,
_ejoint author.
_922306
942 _2ddc
_cBK
999 _c29488
_d29488